=LDR 00000nam 2200000 4500 =001 INLIS000000000034769 =005 20130612140650 =008 ***********************************ind** =035 ##$$0010-061300000034769 =041 ##$$a ind =082 ##$$a F Rom k =090 ##$$a F Rom k, Sya p =100 ##$$a Syahbani, Rana =245 ##$$a Princess shabina dan burung kecil, Rana Syahbani;Ilustrasi nur cililia =260 ##$$a 2009 $b Bandung =300 ##$$a 24 hlm, Ilus, 20 cm =650 ##$$a Fiksi Kanak-kanak =700 ##$$a Cililia, nur =850 ##$$a NBPNMAT